000 00618 a2200181 4500
003 Nust
005 20220730105657.0
020 _a8187336129
040 _cNust
082 _a004.67,GEO
100 _aS.K.Goel
_995891
245 _aInternet management /
_cS.K.Goel
260 _aIndia
_bDominant pub
_c1999
300 _a289p
505 _aInternet Management (Page-1), Understanding Internet (Page-18), Internet management: SNMOv1 and SNMPv2 (Page-99), Essentials of Internet Management (Page-197), Remote Networking Monitoring (Page-253).
650 _aInternet management
_995892
942 _2ddc
_cBK
_k004.67,GEO
999 _c178995
_d178995